000 00608nam a2200193 i 4500
001 124526
003 ES-MaACL
007 t|
008 070329s1930 sp ||||1| spa d
100 1 _aBloch, Leo.
_929512
245 1 0 _aInstituciones romanas /
_cLeo Bloch ; traducción de la 3ª edición alemana por Guillermo Zotter.
260 _aBarcelona :
_bLabor,
_c[1930]
300 _a228 p., XVI p. lám. :
_bil. ;
_c17 cm.
490 1 _aColección Labor ;
_v247
700 1 _aZotter, Guillermo.
_9118368
830 0 0 _aColección Labor
_v247
_9184254
852 _aES-MaACL
_jE-2751
999 _c124526
_d124526